El árbol talado que retoña (Record no. 178864)

MARC details
000 -LEADER
campo de control de longitud fija 01257nam a2200337 4500
001 - NÚMERO DE CONTROL
campo de control 178864
003 - IDENTIFICADOR DE NÚMERO DE CONTROL
campo de control ES-MaACL
005 - FECHA Y HORA DE LA ÚLTIMA TRANSACCIÓN
campo de control 20250728142135.0
008 - DATOS DE LONGITUD FIJA--INFORMACIÓN GENERAL
campo de control de longitud fija 110721s2009 sp a |||| |dspa d
020 ## - NÚMERO INTERNACIONAL ESTÁNDAR DEL LIBRO
Número Internacional Estándar del Libro 978-84-936885-7-8
080 ## - NÚMERO DE LA CLASIFICACIÓN DECIMAL UNIVERSAL
Número de la Clasificación Decimal Universal 821.134.2-14"19"
080 ## - NÚMERO DE LA CLASIFICACIÓN DECIMAL UNIVERSAL
Número de la Clasificación Decimal Universal 821.134.2-14"19/20"(082.2)
080 ## - NÚMERO DE LA CLASIFICACIÓN DECIMAL UNIVERSAL
Número de la Clasificación Decimal Universal 929 Ana, Marcos
245 03 - MENCIÓN DEL TÍTULO
Título El árbol talado que retoña
Resto del título : homenaje a Marcos Ana /
Mención de responsabilidad, etc. varios autores ; prólogo de Isaac Rosa.
250 ## - MENCION DE EDICION
Mención de edición 1ª ed.
260 ## - PUBLICACIÓN, DISTRIBUCIÓN, ETC.
Lugar de publicación, distribución, etc. Córdoba :
Nombre del editor, distribuidor, etc. El Páramo,
Fecha de publicación, distribución, etc. 2009.
300 ## - DESCRIPCIÓN FÍSICA
Extensión 98 p. :
Otras características físicas il. ;
Dimensiones 21 cm +
Material acompañante/anejo 1 CD-ROM
500 ## - NOTA GENERAL
Nota general Índices.
505 8# - NOTA DE CONTENIDO CON FORMATO
Nota de contenido con formato Contiene: ;
Título Poemas de la prisión /
Mención de responsabilidad Marcos Ana
600 17 - PUNTO DE ACCESO ADICIONAL DE MATERIA--NOMBRE DE PERSONA
Nombre de persona Ana, Marcos,
Fechas asociadas al nombre 1920-2016-
Subdivisión de forma Homenajes
Fuente del encabezamiento o término
9 (RLIN) 147410
650 #7 - PUNTO DE ACCESO ADICIONAL DE MATERIA--TÉRMINO DE MATERIA
Término de materia o nombre geográfico como elemento de entrada Poesías españolas-
Subdivisión cronológica S.XX.
9 (RLIN) 16221
650 #4 - PUNTO DE ACCESO ADICIONAL DE MATERIA--TÉRMINO DE MATERIA
Término de materia o nombre geográfico como elemento de entrada Poesía española-
Subdivisión cronológica S.XXI
9 (RLIN) 16222
700 1# - ENTRADA AGREGADA--NOMBRE PERSONAL
Nombre de persona Rosa, Isaac,
Fechas asociadas al nombre 1974-
9 (RLIN) 158197
700 1# - ENTRADA AGREGADA--NOMBRE PERSONAL
Nombre de persona Ana, Marcos,
Fechas asociadas al nombre 1920-2016
9 (RLIN) 21357
710 2# - ENTRADA AGREGADA--NOMBRE DE ENTIDAD CORPORATIVA
Nombre de entidad corporativa o nombre de jurisdicción como elemento de entrada Fundación de Investigaciones Marxistas.
9 (RLIN) 4272
740 0# - ENTRADA AGREGADA--TÍTULO RELACIONADO/ANALÍTICO NO CONTROLADO
Título relacionado o analítico no controlado Poemas de la prisión.
852 ## - LOCALIZACIÓN
Ubicación ES-MaACL
Número de control de estantería A-11419
itemnumber 185729
Sublocalización o colección R.145767
Ubicación en estantería Depósito 1
Signatura antigua Olim: N-4423
Encuadernación Donación: Editorial
852 ## - LOCALIZACIÓN
Ubicación ES-MaACL
Número de control de estantería Des-ROTATIVO-23
itemnumber 203706
Ubicación en estantería Despachos-biblioteca
Donativo/Legado Donación: Editorial
942 ## - ELEMENTOS DE ENTRADA SECUNDARIOS (KOHA)
Fuente del sistema de clasificación o colocación Clasificación decimal universal
Tipo de ítem Koha Libro impreso
Holdings
Estatus retirado Estado de pérdida Fuente del sistema de clasificación o colocación Estado de daño No para préstamo Biblioteca de origen Biblioteca actual Ubicación en estantería Fecha de adquisición Fuente de adquisición Total de préstamos Signatura topográfica completa Código de barras Visto por última vez Precio de reemplazo Tipo de ítem Koha
    Clasificación decimal universal     Biblioteca del Ateneo de Madrid Biblioteca del Ateneo de Madrid Depósito 1 21/07/2011 Donación   A-11419 1187884 23/02/2023 23/02/2023 Libro impreso
    Clasificación decimal universal     Biblioteca del Ateneo de Madrid Biblioteca del Ateneo de Madrid Despachos-biblioteca 18/06/2024 Donación   DES-ROTATIVO-23 101228579 18/06/2024 18/06/2024 Archivo de ordenador en CD-ROM, CD o disquete